Electronic communications / (Record no. 182549)
[ view plain ]
| 000 -LEADER | |
|---|---|
| fixed length control field | 01220 a2200217 4500 |
| 003 - CONTROL NUMBER IDENTIFIER | |
| control field | Nust |
| 005 - DATE AND TIME OF LATEST TRANSACTION | |
| control field | 20241115174956.0 |
| 010 ## - LIBRARY OF CONGRESS CONTROL NUMBER | |
| LC control number | 84003460 |
| 020 ## - INTERNATIONAL STANDARD BOOK NUMBER | |
| International Standard Book Number | 0835915980 : |
| 040 ## - CATALOGING SOURCE | |
| Transcribing agency | Nust |
| 082 00 - DEWEY DECIMAL CLASSIFICATION NUMBER | |
| Classification number | 621.382,ROD |
| 100 1# - MAIN ENTRY--PERSONAL NAME | |
| Personal name | Roddy, Dennis |
| 9 (RLIN) | 102828 |
| 245 10 - TITLE STATEMENT | |
| Title | Electronic communications / |
| Statement of responsibility, etc. | Dennis Roddy, John Coolen. |
| 250 ## - EDITION STATEMENT | |
| Edition statement | 4th ed. |
| 260 ## - PUBLICATION, DISTRIBUTION, ETC. | |
| Place of publication, distribution, etc. | Reston, Va. : |
| Name of publisher, distributor, etc. | Reston Pub. Co., |
| Date of publication, distribution, etc. | c1995. |
| 300 ## - PHYSICAL DESCRIPTION | |
| Extent | xii, 788 p. : |
| Other physical details | ill. ; |
| Dimensions | 24 cm. |
| 505 ## - FORMATTED CONTENTS NOTE | |
| Formatted contents note | Passive Circuits (Page-1), Waveform Spectra (Page-57), Digital Line Waveforms (Page-91), Noise (Page-118), Tuned Small Signal Amplifiers, Mixers and Active Filters (Page-153), Oscillators (Page-195), Receivers (Page-224), Amplitude Modulation (Page-252), Single Sideband Modulation (Page-297), Angle Modulation (Page-321), Pulse Modulation (Page-383), Digital Communications (Page-413), Transmission Lines and Cables (Page-467), Waveguides (Page-519), Radio Wave Propagation (Page-536), Antennas (Page-579), Telephone Systems (Page-628), Facsimile and Television (Page-660), Satellite Communications (Page-711), Fiber Optic Communications (Page-748). |
| 650 #0 - SUBJECT ADDED ENTRY--TOPICAL TERM | |
| Topical term or geographic name entry element | Telecommunication Engineering |
| 700 1# - ADDED ENTRY--PERSONAL NAME | |
| Personal name | Coolen, John. |
| 9 (RLIN) | 102829 |
| 942 ## - ADDED ENTRY ELEMENTS (KOHA) | |
| Source of classification or shelving scheme | |
| Koha item type | Book |
| Withdrawn status | Lost status | Source of classification or shelving scheme | Damaged status | Not for loan | Permanent Location | Current Location | Shelving location | Date acquired | Full call number | Barcode | Date last seen | Price effective from | Koha item type | Public note |
|---|---|---|---|---|---|---|---|---|---|---|---|---|---|---|
| Military College of Signals (MCS) | Military College of Signals (MCS) | General Stacks | 12/12/2016 | 621.382,ROD | MCS30738 | 12/08/2016 | 12/12/2016 | Book | Almirah No.35, Shelf No.5 | |||||
| Military College of Signals (MCS) | Military College of Signals (MCS) | General Stacks | 12/12/2016 | 621.382,ROD | MCS31688 | 12/08/2016 | 12/12/2016 | Book | Almirah No.35, Shelf No.5 |
